| 000 | 01771nam a2200373 i 4500 | ||
|---|---|---|---|
| 001 | 12469 | ||
| 003 | KOSZ 005 | ||
| 005 | 20191015092153.0 | ||
| 008 | 990506s1967 pl f d |000 0 mul | ||
| 015 | _aPB 1968/2385 | ||
| 035 | _a(OCoLC)830233700 | ||
| 040 |
_aWA N _cWA N _dKOSZ 005/HR |
||
| 080 | _a621.3(03)=00 | ||
| 080 | _a537(03)=00 | ||
| 245 | 0 | 0 |
_aMiędzynarodowy słownik terminologii elektrycznej = _bInternational electrotechnical vocabulary = Vocabulaire électrotechnique international = Meždunarodnyj èlektrotechničeskij sbornik terminov : w 9 językach: polski, niemiecki, angielski, hiszpański, francuski, włoski, holenderski, rosyjski, szwedzki. _n7. Dział 40, _pZastosowania elektrotermiczne. _nDział 45, _pOświetlenie. _nDział 50, _pElektrochemia i elektrometalurgia / _c[oprac. Gustaw Hornziel et al.] ; Międzynarodowa Komisja Elektrotechniczna. |
| 246 | 3 | 1 | _aInternational electrotechnical vocabulary. |
| 246 | 3 | 1 | _aVocabulaire électrotechnique international. |
| 246 | 3 | 1 | _aMeždunarodnyj èlektrotechničeskij sbornik terminov. |
| 260 |
_aWarszawa : _bPaństw. Wydaw. Techniczne, _c1967. |
||
| 300 |
_aVII, [1], 169, [6] s. ; _c30 cm. |
||
| 380 | _aKsiążki. | ||
| 388 | _a1901-2000 | ||
| 500 | _aTł. pol. wyd. 2 z fr. oryg. | ||
| 546 | _aTekst równol. w jęz. pol., hol., ang., fr., niem., wł., ros., hisz., szw. | ||
| 658 | _aInżynieria i technika | ||
| 658 | _aJęzykoznawstwo | ||
| 650 | 4 | _aElektryczność | |
| 650 | 4 | _aTerminologia | |
| 650 | 4 | _aElektrotechnika | |
| 655 | 4 | _aSłownik wielojęzyczny | |
| 700 | 1 |
_aHornziel, Gustaw. _eOpracowanie |
|
| 856 |
_uhttp://koha.tu.koszalin.pl/cgi-bin/koha/opac-detail.pl?biblionumber=12469 _yKatalog online BPK |
||
| 942 |
_2UKD _cKS |
||
| 999 |
_c12469 _d12469 |
||